<?xml version="1.0" encoding="UTF-8"?>
<record
    xmlns:xsi="http://www.w3.org/2001/XMLSchema-instance"
    xsi:schemaLocation="http://www.loc.gov/MARC21/slim http://www.loc.gov/standards/marcxml/schema/MARC21slim.xsd"
    xmlns="http://www.loc.gov/MARC21/slim">

  <leader>00690nam a2200241Ia 4500</leader>
  <datafield tag="999" ind1=" " ind2=" ">
    <subfield code="c">47045</subfield>
    <subfield code="d">47045</subfield>
  </datafield>
  <controlfield tag="001">13901</controlfield>
  <controlfield tag="003">GE_BSU</controlfield>
  <controlfield tag="005">20221124142429.0</controlfield>
  <controlfield tag="008">181216s2003||||enk|||||||||||||| ||eng||</controlfield>
  <datafield tag="020" ind1=" " ind2=" ">
    <subfield code="a">1903975735x</subfield>
  </datafield>
  <datafield tag="040" ind1=" " ind2=" ">
    <subfield code="c">GE_BSU</subfield>
  </datafield>
  <datafield tag="041" ind1=" " ind2=" ">
    <subfield code="a">eng</subfield>
  </datafield>
  <datafield tag="080" ind1=" " ind2=" ">
    <subfield code="a">741 F-66</subfield>
  </datafield>
  <datafield tag="100" ind1=" " ind2=" ">
    <subfield code="a">Fletcher, Adelene.</subfield>
    <subfield code="9">16038</subfield>
  </datafield>
  <datafield tag="245" ind1=" " ind2="4">
    <subfield code="a">The watercolourist's A to Z of trees &amp; foliage.</subfield>
    <subfield code="c">Adelene Fletcher.</subfield>
  </datafield>
  <datafield tag="264" ind1=" " ind2=" ">
    <subfield code="a">London:</subfield>
    <subfield code="b">Search press,</subfield>
    <subfield code="c">2003.</subfield>
  </datafield>
  <datafield tag="300" ind1=" " ind2=" ">
    <subfield code="a">128p;</subfield>
    <subfield code="b">29sm.</subfield>
  </datafield>
  <datafield tag="300" ind1=" " ind2=" ">
    <subfield code="b">ill.</subfield>
  </datafield>
  <datafield tag="653" ind1=" " ind2=" ">
    <subfield code="a">The watercolourist's A to Z of trees &amp; foliage.</subfield>
  </datafield>
  <datafield tag="653" ind1=" " ind2=" ">
    <subfield code="a">&#x10D0;&#x10D9;&#x10D5;&#x10D0;&#x10E0;&#x10D4;&#x10DA;&#x10D8;&#x10E1;&#x10E2;&#x10D8;</subfield>
  </datafield>
  <datafield tag="653" ind1=" " ind2=" ">
    <subfield code="a">&#x10EE;&#x10D4;&#x10D4;&#x10D1;&#x10D8; &#x10D3;&#x10D0; &#x10E4;&#x10DD;&#x10D7;&#x10DA;&#x10D4;&#x10D1;&#x10D8;</subfield>
  </datafield>
  <datafield tag="942" ind1=" " ind2=" ">
    <subfield code="c">BK</subfield>
    <subfield code="2">udc</subfield>
  </datafield>
  <datafield tag="952" ind1=" " ind2=" ">
    <subfield code="0">0</subfield>
    <subfield code="1">0</subfield>
    <subfield code="2">udc</subfield>
    <subfield code="4">0</subfield>
    <subfield code="6">741_F66</subfield>
    <subfield code="7">0</subfield>
    <subfield code="9">61557</subfield>
    <subfield code="a">CPL</subfield>
    <subfield code="b">CPL</subfield>
    <subfield code="c">GEN</subfield>
    <subfield code="d">2018-12-17</subfield>
    <subfield code="o">741 F-66</subfield>
    <subfield code="p">36867</subfield>
    <subfield code="r">2018-12-17</subfield>
    <subfield code="t">36867</subfield>
    <subfield code="w">2018-12-17</subfield>
    <subfield code="y">BK</subfield>
  </datafield>
</record>
